Macedonia and Greece : the struggle to define a new Balkan nation
Saved in:
| Main Author: | |
|---|---|
| Format: | Book |
| Language: | English |
| Published: |
Jefferson :
McFarland,
1997.
|
| Subjects: | |
| Tags: |
Add Tag
No Tags, Be the first to tag this record!
|
MARC
| LEADER | 00000cam a2200000 i 4500 | ||
|---|---|---|---|
| 001 | 1/66319 | ||
| 008 | 990115s1997 ncu| ||| |||| ||eng|| | ||
| 020 | |a 0786402288 | ||
| 035 | |l 10047285 | ||
| 040 | |a GR-MyUa |b gre |e AACR2 | ||
| 041 | 0 | |a eng | |
| 082 | 7 | |a 327.49560495 |2 (22) | |
| 100 | 1 | |a Shea, John. | |
| 245 | 1 | 0 | |a Macedonia and Greece : |b the struggle to define a new Balkan nation / |c John Shea. |
| 260 | |a Jefferson : |b McFarland, |c 1997. | ||
| 300 | |a 423 σ. : |b χάρτες ; |c 24 εκ. | ||
| 500 | |a Περιλαμβάνει ευρετήριο. | ||
| 651 | 0 | |a Greece |x Foreign relations |z North Macedonia. | |
| 651 | 0 | |a Greece |x Foreign relations |y 1974- | |
| 651 | 0 | |a Greece |x Ethnic relations. | |
| 651 | 0 | |a North Macedonia |x Ethnic relations. | |
| 651 | 0 | |a Macedonia |x Name. | |
| 651 | 0 | |a North Macedonia |x Foreign relations |z Greece. | |
| 651 | 0 | |a North Macedonia |x International status. | |
| 852 | |a INST |b LESVOS |e 19990115 |h 327.49560495 SHE |p 005100017076 |q 005100017076 |t BK |y 0 | ||
| 922 | |a 1ΕΛΗ |b 199812 |c ΚΠΣ/ΤΓ |d ΠΑΠΑΣΩΤΗΡΙΟΥ | ||
| 950 | |a 118-1998-07-18 | ||